000 00534nam a2200181 a 4500
001 5346
003 CO-ViMGA
008 141112s2004 ck r 000 u spa d
040 _aCO-ViMGA
_bspa
_cCO-ViMGA
082 0 4 _a636 C653
100 1 _aCole, H.H
_93667
245 1 0 _aCurso de zootecnia :
_bbiologia de los animales domesticos y su empleo por el hombre /
_cCole H.H , Ronning Magnar
260 _aZaragoza :
_bAcribia,
_c1980
300 _a828 p
650 1 4 _aANIMALES DOMESTICOS
_93668
650 1 4 _aZOOTECNIA
942 _2ddc
_cBK
999 _c17341
_d17341